Supervisión de la enseñanza técnica
Gorde:
| Egile korporatiboa: | , |
|---|---|
| Formatua: | Liburua |
| Hizkuntza: | gaztelania |
| Argitaratua: |
Washington, D.C
Unión Panamericana
1959
|
| Saila: | Serie de Publicaciones de Educación Técnica, 103
|
| Gaiak: | |
| Etiketak: |
Etiketa erantsi
Etiketarik gabe, Izan zaitez lehena erregistro honi etiketa jartzen!
|
MARC
| LEADER | 00000nam a2200000 a 4500 | ||
|---|---|---|---|
| 001 | UCY9517 | ||
| 003 | CL-VaPUC | ||
| 008 | 950717e19590000US |||||||||||||||||spa|d | ||
| 082 | 0 | 4 | |a 371.201 |b OEA |2 21 |
| 110 | 2 | |a OEA |e author |9 341782 | |
| 710 | 2 | |a Organización de Estados Americanos |e author |9 341783 | |
| 245 | 1 | 0 | |a Supervisión de la enseñanza técnica |
| 300 | |a 96 p | ||
| 942 | |c BK | ||
| 945 | |d 19950717 00:00:00 |a cmena | ||
| 260 | |a Washington, D.C |b Unión Panamericana |c 1959 | ||
| 650 | 7 | |a SUPERVISORES |2 CL-VaPUC |9 338460 | |
| 650 | 7 | |a SUPERVISION EDUCACIONAL |2 CL-VaPUC |9 341784 | |
| 650 | 0 | |a Educación técnica |9 307052 | |
| 650 | 0 | |a Planificación de la educación |9 307333 | |
| 650 | 7 | |a MATERIAL Y EQUIPO DIDACTICOS |2 CL-VaPUC |9 309109 | |
| 650 | 0 | |a Formación profesional de profesores |9 307493 | |
| 650 | 0 | |a Calidad de la educación |9 307271 | |
| 583 | |a last modification |c 20170829 12:29:56 |k Rodrigo Vera | ||
| 490 | 0 | |a Serie de Publicaciones de Educación Técnica, 103 | |
| 999 | |c 236602 |d 236600 | ||
| 952 | |0 0 |1 0 |4 0 |6 371_201000000000000_OEA_1959 |7 0 |8 P |9 244798 |a BIBEDU |b BIBEDU |c BIBEDU_PB |d 2019-11-18 |i 1535013 |o 371.201 OEA 1959 |p 1535013 |r 2024-01-25 |w 2019-11-18 |y BK |k EDU | ||